[Event "Wroclaw"]
[Site "?"]
[Date "2020.08.25"]
[Round "4.8"]
[White "Kulesza, Andrzej"]
[Black "Sanz Wawer, Daniel"]
[Result "1/2-1/2"]
[BlackElo "2220"]
[WhiteElo "1717"]
[LiveChessVersion "1.4.8"]

1. e4 {[%clk 0:15:18]} c6 {[%clk 0:15:19]} 2. d4 {[%clk 0:15:25]} d5
{[%clk 0:15:28]} 3. Nc3 {[%clk 0:15:34]} dxe4 {[%clk 0:15:37]} 4. Nxe4
{[%clk 0:15:42]} Bf5 {[%clk 0:15:45]} 5. Ng3 {[%clk 0:15:51]} Bg6
{[%clk 0:15:54]} 6. h4 {[%clk 0:16:00]} h6 {[%clk 0:16:03]} 7. Nf3
{[%clk 0:16:07]} e6 {[%clk 0:16:12]} 8. h5 {[%clk 0:15:44]} Bh7 {[%clk 0:16:21]}
9. Bd3 {[%clk 0:15:52]} Bxd3 {[%clk 0:16:30]} 10. Qxd3 {[%clk 0:16:01]} Nf6
{[%clk 0:16:38]} 11. Bd2 {[%clk 0:16:08]} Qb6 {[%clk 0:16:47]} 12. O-O-O
{[%clk 0:16:12]} Qa6 {[%clk 0:16:56]} 13. Qb3 {[%clk 0:15:56]} c5
{[%clk 0:17:04]} 14. dxc5 {[%clk 0:15:14]} Nbd7 {[%clk 0:17:13]} 15. Kb1
{[%clk 0:14:40]} Bxc5 {[%clk 0:16:42]} 16. Be3 {[%clk 0:14:44]} O-O
{[%clk 0:15:10]} 17. Ne5 {[%clk 0:13:27]} Bxe3 {[%clk 0:13:43]} 18. Nxd7
{[%clk 0:13:21]} Nxd7 {[%clk 0:13:22]} 19. Qxe3 {[%clk 0:13:24]} Nf6
{[%clk 0:12:47]} 20. Ne4 {[%clk 0:12:53]} Nxe4 {[%clk 0:12:26]} 21. Qxe4
{[%clk 0:13:01]} Rfd8 {[%clk 0:11:59]} 22. g4 {[%clk 0:12:38]} Qb6
{[%clk 0:09:03]} 23. f3 {[%clk 0:12:15]} Rxd1+ {[%clk 0:08:05]} 24. Rxd1
{[%clk 0:12:23]} Rd8 {[%clk 0:07:51]} 25. Rxd8+ {[%clk 0:12:31]} Qxd8
{[%clk 0:08:00]} 26. b3 {[%clk 0:12:39]} Qd7 {[%clk 0:06:47]} 27. c4
{[%clk 0:12:17]} b6 {[%clk 0:03:47]} 28. Kc2 {[%clk 0:12:18]} Kf8
{[%clk 0:02:46]} 29. Kc3 {[%clk 0:10:47]} Qc7 {[%clk 0:02:55]} 30. b4
{[%clk 0:10:17]} a5 {[%clk 0:01:47]} 31. a3 {[%clk 0:08:50]} axb4+
{[%clk 0:01:56]} 32. axb4 {[%clk 0:08:54]} Qa7 {[%clk 0:01:56]} 33. Kb3
{[%clk 0:08:46]} Qa1 {[%clk 0:00:51]} 34. Qd3 {[%clk 0:08:38]} Ke7
{[%clk 0:00:46]} 35. c5 {[%clk 0:08:40]} bxc5 {[%clk 0:00:45]} 36. bxc5
{[%clk 0:08:48]} Qe5 {[%clk 0:00:39]} 37. Kc4 {[%clk 0:08:39]} Qf4+
{[%clk 0:00:23]} 38. Kb5 {[%clk 0:08:46]} Qb8+ {[%clk 0:00:29]} 39. Kc6
{[%clk 0:08:41]} Qa8+ {[%clk 0:00:24]} 40. Kb6 {[%clk 0:08:46]} Qb8+
{[%clk 0:00:20]} 41. Kc6 {[%clk 0:08:55]} Qc8+ {[%clk 0:00:17]} 42. Kb6
{[%clk 0:09:01]} Qb8+ {[%clk 0:00:23]} 43. Kc6 {[%clk 0:09:10]} 1/2-1/2

[Event "Wroclaw"]
[Site "?"]
[Date "2020.08.25"]
[Round "4.9"]
[White "Pacan-Milej, Kosma"]
[Black "Derylo, Kamil"]
[Result "1/2-1/2"]
[BlackElo "1795"]
[WhiteElo "2118"]
[LiveChessVersion "1.4.8"]

1. d4 {[%clk 0:15:17]} d5 {[%clk 0:15:19]} 2. c4 {[%clk 0:15:25]} e6
{[%clk 0:15:27]} 3. Nc3 {[%clk 0:15:32]} c5 {[%clk 0:15:35]} 4. Nf3
{[%clk 0:15:08]} Nc6 {[%clk 0:15:40]} 5. cxd5 {[%clk 0:14:53]} exd5
{[%clk 0:15:48]} 6. g3 {[%clk 0:14:55]} Nf6 {[%clk 0:15:56]} 7. Bg2
{[%clk 0:14:59]} cxd4 {[%clk 0:16:04]} 8. Nxd4 {[%clk 0:15:06]} Bc5
{[%clk 0:16:13]} 9. Nxc6 {[%clk 0:13:37]} bxc6 {[%clk 0:16:22]} 10. O-O
{[%clk 0:13:44]} O-O {[%clk 0:16:13]} 11. b3 {[%clk 0:13:41]} Re8
{[%clk 0:15:27]} 12. Bb2 {[%clk 0:13:28]} Bg4 {[%clk 0:12:40]} 13. Re1
{[%clk 0:12:08]} Qb6 {[%clk 0:10:31]} 14. Rf1 {[%clk 0:11:27]} Qa6
{[%clk 0:09:25]} 15. Na4 {[%clk 0:08:43]} Bd6 {[%clk 0:07:49]} 16. Bxf6
{[%clk 0:05:15]} gxf6 {[%clk 0:07:58]} 17. Bf3 {[%clk 0:04:21]} Bh3
{[%clk 0:06:37]} 18. Re1 {[%clk 0:04:23]} Bb4 {[%clk 0:06:45]} 19. Qd4
{[%clk 0:04:28]} Bxe1 {[%clk 0:06:53]} 20. Rxe1 {[%clk 0:04:36]} Bf5
{[%clk 0:03:48]} 21. Qxf6 {[%clk 0:04:16]} Bg6 {[%clk 0:03:55]} 22. h4
{[%clk 0:04:07]} Qa5 {[%clk 0:02:51]} 23. Rd1 {[%clk 0:03:35]} Re6
{[%clk 0:02:52]} 24. Qg5 {[%clk 0:02:21]} Qd8 {[%clk 0:02:38]} 25. Qxd8+
{[%clk 0:01:37]} Rxd8 {[%clk 0:02:46]} 26. h5 {[%clk 0:01:41]} Bf5
{[%clk 0:01:53]} 27. g4 {[%clk 0:01:28]} Be4 {[%clk 0:02:02]} 28. Nc5
{[%clk 0:01:36]} Ree8 {[%clk 0:01:39]} 29. Nxe4 {[%clk 0:01:40]} dxe4
{[%clk 0:01:44]} 30. Rxd8 {[%clk 0:01:49]} Rxd8 {[%clk 0:01:53]} 31. Bxe4
{[%clk 0:01:57]} h6 {[%clk 0:01:36]} 32. Bxc6 {[%clk 0:01:46]} Rd2
{[%clk 0:01:45]} 33. e4 {[%clk 0:01:04]} Rxa2 {[%clk 0:01:46]} 34. Kg2
{[%clk 0:01:11]} Kg7 {[%clk 0:01:43]} 35. Kg3 {[%clk 0:01:17]} Ra3
{[%clk 0:01:38]} 36. Bd5 {[%clk 0:01:23]} a5 {[%clk 0:01:40]} 37. Kf4
{[%clk 0:01:05]} a4 {[%clk 0:01:18]} 38. bxa4 {[%clk 0:01:13]} Rxa4
{[%clk 0:01:26]} 39. Kf5 {[%clk 0:01:15]} Ra1 {[%clk 0:01:19]} 40. f3
{[%clk 0:01:01]} Re1 {[%clk 0:01:15]} 41. e5 {[%clk 0:01:00]} Rf1
{[%clk 0:01:05]} 42. Be4 {[%clk 0:01:04]} Rh1 {[%clk 0:01:02]} 43. Kf4
{[%clk 0:00:35]} Ra1 {[%clk 0:01:03]} 44. Bf5 {[%clk 0:00:35]} Ra5
{[%clk 0:01:09]} 45. Be4 {[%clk 0:00:26]} Ra1 {[%clk 0:01:08]} 46. Ke3
{[%clk 0:00:28]} Rg1 {[%clk 0:01:07]} 47. Kd4 {[%clk 0:00:29]} Rg2
{[%clk 0:01:07]} 48. Kd5 {[%clk 0:00:25]} Rd2+ {[%clk 0:01:11]} 49. Kc6
{[%clk 0:00:27]} Rd1 {[%clk 0:01:10]} 50. Bd5 {[%clk 0:00:34]} Rd2
{[%clk 0:00:57]} 51. Kd6 {[%clk 0:00:34]} Rd4 {[%clk 0:01:05]} 52. Kc6
{[%clk 0:00:28]} Rd3 {[%clk 0:01:08]} 53. Kc5 {[%clk 0:00:23]} Rd2
{[%clk 0:01:11]} 54. f4 {[%clk 0:00:27]} Rf2 {[%clk 0:01:19]} 55. f5
{[%clk 0:00:27]} Rf4 {[%clk 0:01:28]} 56. e6 {[%clk 0:00:23]} fxe6
{[%clk 0:01:19]} 57. fxe6 {[%clk 0:00:32]} Kf6 {[%clk 0:01:12]} 58. Kd6
{[%clk 0:00:35]} Rf1 {[%clk 0:00:46]} 59. Be4 {[%clk 0:00:14]} Ke5+
{[%clk 0:15:10]} 1/2-1/2

[Event "Wroclaw"]
[Site "?"]
[Date "2020.08.25"]
[Round "4.10"]
[White "Kokoszczynski, Jan"]
[Black "Kukula, Karol"]
[Result "1-0"]
[BlackElo "1752"]
[WhiteElo "2013"]
[LiveChessVersion "1.4.8"]

1. d4 {[%clk 0:15:19]} Nf6 {[%clk 0:15:18]} 2. c4 {[%clk 0:15:28]} e6
{[%clk 0:15:26]} 3. Nf3 {[%clk 0:15:34]} Bb4+ {[%clk 0:15:34]} 4. Nbd2
{[%clk 0:15:43]} b6 {[%clk 0:15:33]} 5. a3 {[%clk 0:15:52]} Bxd2+
{[%clk 0:15:41]} 6. Qxd2 {[%clk 0:16:00]} Bb7 {[%clk 0:15:49]} 7. e3
{[%clk 0:16:09]} Ne4 {[%clk 0:15:42]} 8. Qc2 {[%clk 0:16:18]} d6 {[%clk 0:15:47]}
9. Bd3 {[%clk 0:16:08]} f5 {[%clk 0:15:53]} 10. O-O {[%clk 0:16:15]} O-O
{[%clk 0:16:01]} 11. Nd2 {[%clk 0:16:23]} Nxd2 {[%clk 0:15:58]} 12. Bxd2
{[%clk 0:16:32]} Nd7 {[%clk 0:16:06]} 13. f3 {[%clk 0:16:20]} Qe7
{[%clk 0:14:25]} 14. b4 {[%clk 0:16:13]} c5 {[%clk 0:06:58]} 15. Rae1
{[%clk 0:13:07]} Rae8 {[%clk 0:06:43]} 16. a4 {[%clk 0:11:05]} Nf6
{[%clk 0:04:31]} 17. Bc3 {[%clk 0:08:56]} Qc7 {[%clk 0:01:58]} 18. Qb2
{[%clk 0:07:42]} Rf7 {[%clk 0:00:57]} 19. Rd1 {[%clk 0:06:18]} cxb4
{[%clk 0:00:31]} 20. Bxb4 {[%clk 0:06:12]} d5 {[%clk 0:00:35]} 21. c5
{[%clk 0:06:21]} bxc5 {[%clk 0:00:27]} 22. Bxc5 {[%clk 0:06:28]} Bc6
{[%clk 0:00:34]} 23. Qa3 {[%clk 0:06:24]} Qd7 {[%clk 0:00:42]} 24. Ra1
{[%clk 0:04:45]} Rb8 {[%clk 0:00:37]} 25. Rfc1 {[%clk 0:04:52]} Qe8
{[%clk 0:00:34]} 26. Bd6 {[%clk 0:05:01]} Rbb7 {[%clk 0:00:27]} 27. Rc3
{[%clk 0:04:02]} Bd7 {[%clk 0:00:20]} 28. Rac1 {[%clk 0:04:07]} h6
{[%clk 0:00:24]} 29. a5 {[%clk 0:03:50]} Kh7 {[%clk 0:00:22]} 30. Ba6
{[%clk 0:03:27]} Bb5 {[%clk 0:00:24]} 31. Bxb7 {[%clk 0:01:29]} Rxb7
{[%clk 0:00:33]} 32. Rc7 {[%clk 0:01:38]} Rxc7 {[%clk 0:00:21]} 33. Rxc7
{[%clk 0:01:47]} a6 {[%clk 0:00:28]} 34. Be5 {[%clk 0:01:54]} Qg6
{[%clk 0:00:32]} 35. Qe7 {[%clk 0:01:51]} Nh5 {[%clk 0:00:36]} 36. h4
{[%clk 0:00:44]} Bc4 {[%clk 0:00:16]} 37. Qf7 {[%clk 0:00:45]} Qxf7
{[%clk 0:00:11]} 38. Rxf7 {[%clk 0:00:53]} Kg6 {[%clk 0:00:17]} 39. Re7
{[%clk 0:00:58]} Nf6 {[%clk 0:00:21]} 40. Rxe6 {[%clk 0:01:04]} Bb5
{[%clk 0:00:30]} 41. Bxf6 {[%clk 0:01:12]} gxf6 {[%clk 0:00:40]} 42. Rb6
{[%clk 0:01:18]} Bc4 {[%clk 0:00:48]} 43. Kf2 {[%clk 0:01:28]} h5
{[%clk 0:00:51]} 44. Rb7 {[%clk 0:01:28]} Bd3 {[%clk 0:00:57]} 45. f4
{[%clk 0:01:34]} Bc4 {[%clk 0:01:05]} 46. Rc7 {[%clk 0:01:41]} Bd3
{[%clk 0:01:12]} 47. g3 {[%clk 0:01:50]} Bb5 {[%clk 0:01:20]} 48. Ke1
{[%clk 0:01:59]} Bd3 {[%clk 0:01:29]} 49. Kd2 {[%clk 0:02:09]} Bb5
{[%clk 0:01:38]} 50. Kc3 {[%clk 0:02:18]} Bf1 {[%clk 0:01:38]} 51. Kb4
{[%clk 0:02:27]} Bg2 {[%clk 0:01:43]} 52. Kc5 {[%clk 0:02:35]} Be4
{[%clk 0:01:50]} 53. Ra7 {[%clk 0:02:43]} 1-0

[Event "Wroclaw"]
[Site "?"]
[Date "2020.08.25"]
[Round "4.11"]
[White "Lis, Mateusz"]
[Black "Dixa, Oskar"]
[Result "1-0"]
[BlackElo "1671"]
[WhiteElo "1973"]
[LiveChessVersion "1.4.8"]

1. e4 {[%clk 0:15:18]} c5 {[%clk 0:15:16]} 2. Nf3 {[%clk 0:15:26]} d6
{[%clk 0:15:25]} 3. d4 {[%clk 0:15:35]} cxd4 {[%clk 0:15:34]} 4. Nxd4
{[%clk 0:15:44]} Nf6 {[%clk 0:15:43]} 5. Nc3 {[%clk 0:15:52]} e6 {[%clk 0:15:52]}
6. h3 {[%clk 0:14:40]} Be7 {[%clk 0:15:48]} 7. g4 {[%clk 0:14:42]} Nc6
{[%clk 0:15:44]} 8. Be3 {[%clk 0:14:36]} O-O {[%clk 0:15:21]} 9. Bg2
{[%clk 0:14:33]} Bd7 {[%clk 0:15:20]} 10. O-O {[%clk 0:14:05]} Rc8
{[%clk 0:14:45]} 11. Ndb5 {[%clk 0:13:03]} Be8 {[%clk 0:13:53]} 12. g5
{[%clk 0:12:40]} Nd7 {[%clk 0:13:58]} 13. Nxd6 {[%clk 0:12:48]} Rc7
{[%clk 0:13:51]} 14. Ncb5 {[%clk 0:12:25]} Nce5 {[%clk 0:13:09]} 15. Nxc7
{[%clk 0:09:59]} Qxc7 {[%clk 0:13:18]} 16. Nxe8 {[%clk 0:09:25]} Rxe8
{[%clk 0:13:27]} 17. b3 {[%clk 0:09:33]} Ng6 {[%clk 0:12:45]} 18. Qd2
{[%clk 0:07:30]} e5 {[%clk 0:12:41]} 19. Rad1 {[%clk 0:06:53]} Ndf8
{[%clk 0:12:46]} 20. c4 {[%clk 0:06:29]} Ne6 {[%clk 0:12:40]} 21. Qd7
{[%clk 0:05:57]} Qb8 {[%clk 0:12:49]} 22. Bxa7 Qa8 23. Be3 {[%clk 0:05:06]} Nxg5
{[%clk 0:12:48]} 24. c5 {[%clk 0:04:28]} Nf4 {[%clk 0:12:13]} 25. b4
{[%clk 0:02:12]} Bf6 {[%clk 0:11:39]} 26. a4 {[%clk 0:01:45]} Nge6
{[%clk 0:11:00]} 27. Rd6 {[%clk 0:01:16]} Rc8 {[%clk 0:09:01]} 28. Rb6
{[%clk 0:01:15]} Rc7 {[%clk 0:08:55]} 29. Qd6 {[%clk 0:01:15]} Qxa4
{[%clk 0:08:49]} 30. Bxf4 {[%clk 0:01:12]} exf4 {[%clk 0:08:58]} 31. e5
{[%clk 0:01:21]} Be7 {[%clk 0:09:07]} 32. Qd5 {[%clk 0:01:30]} f3
{[%clk 0:08:47]} 33. Qxf3 {[%clk 0:01:35]} Ng5 {[%clk 0:08:44]} 34. Qd5
{[%clk 0:01:40]} Rd7 {[%clk 0:08:46]} 35. Qc4 {[%clk 0:01:26]} Qa3
{[%clk 0:08:54]} 36. Qg4 {[%clk 0:01:35]} Qd3 {[%clk 0:08:39]} 37. Ra1
{[%clk 0:01:04]} g6 {[%clk 0:08:43]} 38. h4 {[%clk 0:01:00]} h5 {[%clk 0:08:39]}
39. Qg3 {[%clk 0:01:07]} Qd4 {[%clk 0:08:47]} 40. Ra8+ {[%clk 0:01:16]} Kg7
{[%clk 0:08:49]} 41. hxg5 {[%clk 0:01:25]} Qd1+ {[%clk 0:08:58]} 42. Kh2
{[%clk 0:01:26]} Rd3 {[%clk 0:09:07]} 43. Qf4 {[%clk 0:01:29]} Rd4
{[%clk 0:09:16]} 44. Be4 {[%clk 0:01:01]} Qe2 {[%clk 0:08:56]} 45. Rf6
{[%clk 0:01:06]} Qc4 {[%clk 0:08:54]} 46. e6 {[%clk 0:01:06]} 1-0

[Event "Wroclaw"]
[Site "?"]
[Date "2020.08.25"]
[Round "5.1"]
[White "Teclaf, Pawel"]
[Black "Godzwon, Iwo"]
[Result "1/2-1/2"]
[BlackElo "2278"]
[WhiteElo "2382"]
[LiveChessVersion "1.4.8"]

1. Nf3 {[%clk 0:15:19]} Nf6 {[%clk 0:14:47]} 2. g3 {[%clk 0:15:21]} g6
{[%clk 0:14:56]} 3. b3 {[%clk 0:15:22]} Bg7 {[%clk 0:15:04]} 4. Bb2
{[%clk 0:15:31]} c5 {[%clk 0:15:10]} 5. c4 {[%clk 0:15:39]} Nc6 {[%clk 0:15:18]}
6. Bg2 {[%clk 0:15:47]} d5 7. cxd5 {[%clk 0:15:31]} Qxd5 {[%clk 0:14:52]} 8. O-O
{[%clk 0:15:37]} Qh5 {[%clk 0:15:00]} 9. d3 {[%clk 0:15:38]} Bh3 {[%clk 0:14:53]}
10. Nbd2 {[%clk 0:15:46]} O-O {[%clk 0:14:52]} 11. Rc1 {[%clk 0:15:54]} Bxg2
{[%clk 0:14:06]} 12. Kxg2 {[%clk 0:16:02]} Qd5 {[%clk 0:12:42]} 13. Qc2
{[%clk 0:15:44]} b6 {[%clk 0:12:39]} 14. a3 {[%clk 0:15:47]} Rac8
{[%clk 0:12:22]} 15. Qb1 {[%clk 0:15:34]} Nd7 {[%clk 0:12:12]} 16. Bxg7
{[%clk 0:15:26]} Kxg7 {[%clk 0:11:52]} 17. Qb2+ {[%clk 0:14:56]} f6
{[%clk 0:11:27]} 18. Nc4 Nde5 {[%clk 0:11:35]} 19. Ncxe5 {[%clk 0:13:56]} Nxe5
{[%clk 0:06:46]} 20. e4 {[%clk 0:14:10]} Qd6 {[%clk 0:06:56]} 21. Nxe5 Qxe5
{[%clk 0:07:05]} 22. Qxe5 {[%clk 0:14:17]} fxe5 {[%clk 0:07:04]} 23. Rc3 Rcd8
{[%clk 0:07:13]} 24. b4 {[%clk 0:13:31]} cxb4 {[%clk 0:06:57]} 25. axb4 Rd7
{[%clk 0:07:03]} 26. Ra1 {[%clk 0:13:20]} Rfd8 {[%clk 0:05:41]} 27. b5 Rxd3
{[%clk 0:05:50]} 28. Rxd3 {[%clk 0:12:44]} Rxd3 {[%clk 0:05:50]} 29. Rxa7
{[%clk 0:12:52]} Kf7 {[%clk 0:05:59]} 30. Rb7 {[%clk 0:12:41]} Rd6
{[%clk 0:06:08]} 31. Kf3 {[%clk 0:12:00]} Rf6+ {[%clk 0:04:22]} 32. Ke3
{[%clk 0:12:06]} g5 {[%clk 0:04:32]} 33. h3 {[%clk 0:11:39]} Rd6 {[%clk 0:04:24]}
34. Rb8 {[%clk 0:11:16]} Rh6 {[%clk 0:04:32]} 35. Kf3 {[%clk 0:10:58]} Rf6+
{[%clk 0:04:24]} 36. Ke2 {[%clk 0:08:34]} Rd6 37. Rc8 {[%clk 0:07:26]} Rd4 38.
Rc6 {[%clk 0:07:32]} Rxe4+ {[%clk 0:04:39]} 39. Kf3 {[%clk 0:07:41]} Rb4
{[%clk 0:04:46]} 40. Rxb6 {[%clk 0:07:49]} h5 {[%clk 0:04:53]} 41. Rb8
{[%clk 0:07:18]} Rb3+ {[%clk 0:04:54]} 42. Ke4 {[%clk 0:07:12]} h4
{[%clk 0:04:54]} 43. gxh4 {[%clk 0:06:24]} gxh4 {[%clk 0:04:46]} 44. f3
{[%clk 0:06:27]} Ke6 {[%clk 0:04:38]} 45. b6 {[%clk 0:05:48]} Rb4+
{[%clk 0:04:34]} 46. Kd3 {[%clk 0:05:53]} Kd7 {[%clk 0:03:35]} 47. b7
{[%clk 0:05:30]} Kc7 {[%clk 0:03:43]} 48. Re8 {[%clk 0:05:18]} Kxb7
{[%clk 0:03:25]} 49. Rxe7+ {[%clk 0:05:27]} Kc6 {[%clk 0:03:35]} 50. Rxe5
{[%clk 0:05:35]} Kd6 {[%clk 0:03:40]} 51. Re4 {[%clk 0:05:30]} Rb3+
{[%clk 0:03:50]} 52. Ke2 {[%clk 0:05:37]} Rb2+ {[%clk 0:03:59]} 53. Ke3
{[%clk 0:05:43]} Rh2 {[%clk 0:03:46]} 54. Rxh4 {[%clk 0:05:51]} Ke5
{[%clk 0:03:55]} 55. Rh6 {[%clk 0:04:03]} Kf5 {[%clk 0:02:58]} 56. h4
{[%clk 0:04:11]} Ra2 {[%clk 0:02:53]} 57. Rb6 {[%clk 0:03:57]} Ra4
{[%clk 0:01:41]} 58. h5 {[%clk 0:02:43]} Rh4 {[%clk 0:01:50]} 59. Kf2
{[%clk 0:02:08]} Rh3 {[%clk 0:01:38]} 60. Rb5+ {[%clk 0:01:34]} Kf4
{[%clk 0:01:17]} 61. Kg2 {[%clk 0:01:02]} Rg3+ {[%clk 0:01:07]} 62. Kh2
{[%clk 0:01:11]} Rxf3 {[%clk 0:00:23]} 63. h6 {[%clk 0:01:20]} Kg4
{[%clk 0:00:28]} 64. Rb8 {[%clk 0:01:02]} Rh3+ {[%clk 0:00:36]} 1/2-1/2

[Event "Wroclaw"]
[Site "?"]
[Date "2020.08.25"]
[Round "5.2"]
[White "Golenia, Jan"]
[Black "Szpar, Milosz"]
[Result "0-1"]
[BlackElo "2262"]
[WhiteElo "2033"]
[LiveChessVersion "1.4.8"]

1. c4 {[%clk 0:15:18]} c5 {[%clk 0:15:16]} 2. Nc3 {[%clk 0:15:26]} g6
{[%clk 0:15:14]} 3. g3 {[%clk 0:15:35]} Bg7 {[%clk 0:15:22]} 4. Bg2
{[%clk 0:15:43]} Nc6 {[%clk 0:15:22]} 5. Nf3 {[%clk 0:15:48]} d6 {[%clk 0:15:10]}
6. d3 {[%clk 0:15:46]} e5 {[%clk 0:15:03]} 7. O-O {[%clk 0:15:29]} Nge7
{[%clk 0:15:04]} 8. Rb1 {[%clk 0:14:37]} h6 {[%clk 0:14:41]} 9. a3
{[%clk 0:14:43]} a5 {[%clk 0:14:45]} 10. Ne1 {[%clk 0:14:52]} Bd7
{[%clk 0:11:48]} 11. Nc2 {[%clk 0:14:58]} O-O {[%clk 0:10:59]} 12. b4
{[%clk 0:14:44]} axb4 {[%clk 0:10:52]} 13. axb4 {[%clk 0:14:53]} cxb4
{[%clk 0:09:37]} 14. Nxb4 {[%clk 0:15:02]} Nxb4 {[%clk 0:09:43]} 15. Rxb4
{[%clk 0:15:10]} Bc6 {[%clk 0:09:47]} 16. Nd5 {[%clk 0:14:59]} Nf5
{[%clk 0:06:16]} 17. e3 {[%clk 0:14:27]} h5 {[%clk 0:06:15]} 18. Bb2
{[%clk 0:12:51]} h4 {[%clk 0:05:44]} 19. e4 {[%clk 0:11:02]} Nd4 {[%clk 0:05:43]}
20. Bxd4 {[%clk 0:10:35]} exd4 {[%clk 0:05:52]} 21. f4 {[%clk 0:10:13]} Ra3
{[%clk 0:04:55]} 22. g4 {[%clk 0:08:48]} g5 {[%clk 0:04:10]} 23. fxg5
{[%clk 0:07:59]} Bxd5 {[%clk 0:04:18]} 24. exd5 {[%clk 0:07:25]} Qxg5
{[%clk 0:04:22]} 25. Be4 {[%clk 0:05:57]} Ra2 {[%clk 0:03:38]} 26. Rf2
{[%clk 0:00:17]} Qe3 {[%clk 0:02:06]} 27. Qf1 {[%clk 0:00:16]} Be5
{[%clk 0:01:56]} 28. Bf3 {[%clk 0:00:26]} Bxh2+ {[%clk 0:01:55]} 29. Kg2
{[%clk 0:00:35]} h3+ {[%clk 0:02:01]} 0-1

[Event "Wroclaw"]
[Site "?"]
[Date "2020.08.25"]
[Round "5.3"]
[White "Kozak, Antoni"]
[Black "Lis, Mateusz"]
[Result "1-0"]
[BlackElo "1973"]
[WhiteElo "2270"]
[LiveChessVersion "1.4.8"]

1. d4 {[%clk 0:15:19]} f5 {[%clk 0:15:16]} 2. Nf3 {[%clk 0:15:24]} Nf6
{[%clk 0:15:23]} 3. g3 {[%clk 0:15:32]} g6 {[%clk 0:15:31]} 4. Bg2
{[%clk 0:15:41]} Bg7 {[%clk 0:15:40]} 5. O-O {[%clk 0:15:49]} d6 {[%clk 0:15:49]}
6. Nbd2 {[%clk 0:15:58]} O-O {[%clk 0:15:55]} 7. Re1 {[%clk 0:16:07]} Nc6
{[%clk 0:15:15]} 8. e4 {[%clk 0:16:15]} fxe4 {[%clk 0:13:00]} 9. Nxe4
{[%clk 0:16:23]} Nxe4 {[%clk 0:11:39]} 10. Rxe4 {[%clk 0:16:30]} Bf5
{[%clk 0:11:47]} 11. Re1 {[%clk 0:16:38]} Bg4 {[%clk 0:11:45]} 12. c3
{[%clk 0:16:45]} Kh8 {[%clk 0:10:33]} 13. h3 {[%clk 0:16:49]} Bxf3
{[%clk 0:10:14]} 14. Bxf3 {[%clk 0:16:58]} e5 {[%clk 0:10:23]} 15. Be3
{[%clk 0:17:02]} Qf6 {[%clk 0:10:07]} 16. Bxc6 {[%clk 0:16:15]} bxc6
{[%clk 0:10:16]} 17. dxe5 {[%clk 0:16:24]} Qxe5 {[%clk 0:09:05]} 18. Bxa7
{[%clk 0:16:18]} Qf5 {[%clk 0:08:07]} 19. Bd4 {[%clk 0:16:20]} c5
{[%clk 0:07:13]} 20. Bxg7+ {[%clk 0:16:26]} Kxg7 {[%clk 0:07:22]} 21. Re7+
{[%clk 0:16:18]} Rf7 {[%clk 0:07:20]} 22. Rxf7+ {[%clk 0:16:25]} Qxf7
{[%clk 0:07:29]} 23. a4 {[%clk 0:16:20]} Qc4 {[%clk 0:06:19]} 24. a5
{[%clk 0:16:16]} Qb5 {[%clk 0:06:16]} 25. b4 {[%clk 0:16:15]} Qc4
{[%clk 0:05:22]} 26. Qd2 {[%clk 0:15:35]} h5 {[%clk 0:04:12]} 27. Re1
{[%clk 0:15:28]} Rf8 {[%clk 0:03:48]} 28. Re7+ {[%clk 0:15:37]} Rf7
{[%clk 0:03:58]} 29. Rxf7+ {[%clk 0:15:46]} Kxf7 {[%clk 0:02:43]} 30. Qf4+
{[%clk 0:15:43]} 1-0

[Event "Wroclaw"]
[Site "?"]
[Date "2020.08.25"]
[Round "5.4"]
[White "Mis, Mieszko"]
[Black "Pytel, Maciej"]
[Result "1-0"]
[BlackElo "1862"]
[WhiteElo "2258"]
[LiveChessVersion "1.4.8"]

1. d4 Nf6 2. Nf3 e6 3. g3 b6 4. c4 Bb7 5. Bg2 c5 6. d5 exd5 7. cxd5 Bxd5 8. Nc3
Bc6 9. O-O Be7 10. Qc2 O-O 11. e4 d6 12. Rd1 Nbd7 13. Bf4 Qc7 14. Nh4 g6 15. Bg5
Rfe8 16. Nf3 b5 17. b4 Qb7 18. bxc5 Nxc5 19. Nd4 Bxe4 20. Nxe4 Ncxe4 21. Qc6 Qxc6
22. Nxc6 Bf8 23. Be3 a6 24. Rac1 d5 25. Bd4 Rac8 26. Bh3 Ra8 27. Bg2 Rac8 28. Bh3
Ra8 29. f3 Ng5 30. Bxf6 Nxh3+ 31. Kg2 Re6 32. Bd8 Kg7 33. Kxh3 Rc8 34. Nd4 Rxd8
35. Nxe6+ fxe6 36. Rc6 Rd6 37. Rc7+ Kh6 38. Rf7 Bg7 39. Rc1 Bb2 40. Rcc7 g5 41.
Kg4 Kg6 42. Rxh7 d4 43. Rhg7+ Kf6 44. Rcf7+ 1-0

[Event "Wroclaw"]
[Site "?"]
[Date "2020.08.25"]
[Round "5.5"]
[White "Musial, Tomasz"]
[Black "Psyk, Radoslaw"]
[Result "0-1"]
[BlackElo "2236"]
[WhiteElo "1958"]
[LiveChessVersion "1.4.8"]

1. d4 Nf6 2. c4 Nc6 3. Nf3 d6 4. g3 Bg4 5. Bg2 g6 6. Nc3 Bg7 7. h3 Bxf3 8. Bxf3
Nd7 9. e3 e5 10. d5 Ne7 11. e4 h5 12. g4 hxg4 13. hxg4 Rxh1+ 14. Bxh1 c6 15. Be3
cxd5 16. cxd5 Nc8 17. g5 Ncb6 18. Qe2 Bf8 19. Rc1 Rc8 20. Nb5 Rxc1+ 21. Bxc1 a6
22. Na3 Be7 23. Qg4 Nc5 24. Ke2 Qc7 25. Qg1 Nca4 26. Qd1 Qd8 27. Nc4 Nc5 28. Nxb6
Qxb6 29. Qc2 Qb5+ 30. Kf3 Bd8 31. Be3 Bb6 32. Bxc5 Bxc5 33. b3 Qa5 34. Bg2 Kf8
35. Bf1 Qe1 36. Qe2 Qc1 37. Qc4 Qf4+ 38. Ke2 Qxf2+ 39. Kd1 Qxa2 40. Qc2 Qa1+ 41.
Ke2 Qd4 42. Kf3 Qe3+ 43. Kg2 Qg1+ 0-1